BCIS Comprehensive Building Price Book Minor Works, 2020 (Record no. 121097)

MARC details
000 -LEADER
fixed length control field 01269nam a2200229 4500
001 - CONTROL NUMBER
control field K121097
008 - FIXED-LENGTH DATA ELEMENTS--GENERAL INFORMATION
fixed length control field 190815b2019 ||||| |||| 00| 0 eng d
020 ## - INTERNATIONAL STANDARD BOOK NUMBER
ISBN 9781783213627
041 ## - LANGUAGE CODE
Language code of text/sound track or separate title eng
050 ## - Library of Congress Classification
Class mark F692.5
110 ## - MAIN ENTRY--CORPORATE NAME
Corporate author Building Cost Information Service
245 ## - TITLE STATEMENT
Title BCIS Comprehensive Building Price Book Minor Works, 2020
260 ## - PUBLICATION INFORMATION
Place of publication London
Publisher BCIS
Date 2019
300 ## - PHYSICAL DESCRIPTION
Physical description 1 v.
Dimensions 30 cm
520 ## - ABSTRACT
Abstract The Minor Works Estimating Dataset focuses on small to medium sized 'new build' projects reflect the increase in costs brought about the reduced output, less discounts, increased carriage and supervision, to the similar items in the Major Works dataset. Given unit rates compiled from over 500,000 price elements. Each unit rating element has been updated on new material specifications have been incorporated with applicable and includes the latest amendments to professional information, average building prices, Town & Country planning regulations fees for applications, building regulations prescribed fees etc and cost limits, and allowances.
520 ## - ABSTRACT
Abstract Supersedes 36 edition, ISBN 9781783211999
650 ## - KEYWORDS
Keywords Building costs
650 ## - KEYWORDS
Keywords Price books
651 ## - SUBJECT ADDED ENTRY--GEOGRAPHIC NAME
Geographic name United Kingdom 1973
690 ## - BROAD SUBJECT
9 (RLIN) 6233
Broad subject Cost management
942 ## - ADDED ENTRY ELEMENTS (KOHA)
Suppress in OPAC Do not suppress in OPAC
Holdings
Lost status Source of classification or shelving scheme Damaged status Not for loan Home library Current library Shelving location Date acquired Total Checkouts Full call number Date last seen Price effective from Koha item type
  Dewey Decimal Classification     Archives Archives BCIS/BMI publications 15/08/2019   BCIS 2019/08 08 15/08/2019 15/08/2019 Book
  Dewey Decimal Classification     London London BCIS/BMI publications 15/08/2019   F692.5 BUI 15/08/2019 15/08/2019 Book